000 00377nam a2200157Ia 4500
008 230917s9999||||xx |||||||||||||| ||und||
040 _e201748
_aMAIN
041 _aEnglish
082 _a342 J199P
100 _aJain, M P
245 0 _aPrinciples of administrative law
250 _a4th ed.
260 _aAgra
_bWadhwa & Co
_c2004
300 _axvii, 1072 p.
942 _cBK
999 _c134429
_d134429